00594 2200229 4500001002100000005001500021035002000036245006300056100000800119250000600127300003600133700001800169260003700187082001000224084001600234020002200250650002400272990001700296990001700313990001700330990001700347INLIS00000000000013320180830015745 a0010-08180000971 aAneka Kreasi Pembungkus Kado /cLip; Editor, Nilam Permata0 aLip a- avii, 84 hlm. :bilus. ;c21 cm.0 aNilam Permata aJakarta :bNobel Edumedia,c2008 a745.5 a745.5 LIP a a978-602-8219-48-8 aKeterampilan Tangan a00566/P/2018 a00567/P/2018 a00568/P/2018 a04462/H/2018